000 00584nam a22002417a 4500
003 UA-OsUOA
001 89927
007 ta
008 20121112b un ||||| |||| 00| 0 ukr d
100 _aКуртяк Є.
090 _a821.161.2
_bК93
942 _cBK
040 _aUA-OsUOA
_bukr
_cUA-OsUOA
_dUA-OsUOA
245 _aСпалені обози
_bроман
300 _a487 с.
955 _a3
041 _aukr
080 _a821.161.2
020 _a5-333-01105-2
260 _aК.
_bУкраїнський письменник
_c1993
650 7 _2UDC
999 _c376212
_d376212